| 000 | 00632nam a2200229 a 4500 | ||
|---|---|---|---|
| 001 | BRL_854 | ||
| 005 | 20190320210927.0 | ||
| 008 | 181013s1987----mx-#######---#000-d#spa-# | ||
| 020 | _a9682913136 | ||
| 041 | _aspa | ||
| 044 | _amx | ||
| 050 | 4 |
_aPQ7298.3 _b.T68 1987 |
|
| 100 | 1 |
_aTovar, Juan _925142 |
|
| 245 | 1 | 0 |
_aLas adoraciones _cJuan Tovar. |
| 260 |
_aMéxico, D.F. _bJoaquin Mortiz : Secretaría de Educación Pública _c1987 |
||
| 300 |
_a236 p. _c21 cm. |
||
| 440 | 0 |
_aLecturas mexicanas _pSegunda Serie _v80 _925143 |
|
| 500 | _aAu955 | ||
| 650 | 1 | 4 |
_aTeatro mexicano _ySiglo XX _925043 |
| 902 | _aGRL | ||
| 942 |
_2lcc _cB |
||
| 999 |
_c9666 _d9666 |
||